01359nam a2200349 a 4500001001200000003000800012006001900020007001500039008004100054020001800095020002700113040002100140035002100161043001200182050002400194100001900218245012900237260004400366300002400410490003700434504004100471533015200512650002100664650002800685655002900713700002000742700002900762710001700791830005800808856012600866999001700992ebr10580578CaPaEBRm u cr cn|||||||||120801s2012 dcua sb 000 0 eng d z9780821395592 z9780821395608 (e-book) aCaPaEBRcCaPaEBR a(OCoLC)802295946 af------14aHF3874b.B74 2012eb1 aBrenton, Paul.10aPathways to African export sustainabilityh[electronic resource] /cPaul Brenton, Olivier Cadot, and Martha Denisse Pierola. aWashington, D.C. :bWorld Bank,cc2012. axiv, 122 p. :bill.1 aDirections in development. Trade aIncludes bibliographical references. aElectronic reproduction.bPalo Alto, Calif. :cebrary,d2011.nAvailable via World Wide Web.nAccess may be limited to ebrary affiliated libraries. 0aExportszAfrica. 0aSustainabilityzAfrica. 7aElectronic books.2local1 aCadot, Olivier.1 aPierola, Martha Denisse.2 aebrary, Inc. 0aDirections in development (Washington, D.C.).pTrade.40uhttp://site.ebrary.com/lib/rucke/Doc?id=10580578zAn electronic book accessible through the World Wide Web; click to view c84813d84813